| 000 | 03187cam a22006014i 4500 | ||
|---|---|---|---|
| 001 | u20160 | ||
| 003 | PE-LiUPU | ||
| 005 | 20250731165447.0 | ||
| 008 | 150601s2014 mx a rb 000 0 spa d | ||
| 020 | _a9786076221723 | ||
| 035 | _a(Sirsi) i9786076221723 | ||
| 040 |
_aPE-LiUPU _bspa _ePE-LiUPU _erda |
||
| 082 | 0 | 4 |
_a005.4407 _bM94 |
| 100 | 1 |
_aMuñiz Troyano, Javier, _eautor. |
|
| 245 | 1 | 0 |
_aAndroid : _bcurso práctico para todos los niveles / _cJavier Muñiz Troyano. |
| 250 | _aSegunda edición. | ||
| 264 | 1 |
_aMéxico : _Alfaomega, _2014. |
|
| 300 |
_a399 páginas : _bilustraciones ; _c23 centímetros. |
||
| 336 |
_atext _2rdacontent |
||
| 337 |
_aunmediated _2rdamedia |
||
| 338 |
_avolume _2rdacarrier |
||
| 490 | 0 | _aComputación sistemas operativos | |
| 505 | 0 | _aConoce el sistema operativo Android -- Gestión de nuestros contactos y vida social -- Accede a tus archivos desde cualquier lugar gracias a "la nube" -- Imagen y fotografía -- Viajes -- Seguridad -- Localización geográfica mediante GPS (Geolocalización) -- Productividad y trabajo en equipo -- Comercio y banca móvil -- Multimedia, noticias y blogs -- Ocio, deporte y juegos -- Realidad aumentada y asistentes personales. | |
| 526 | _aSEG44 | ||
| 526 | _aSEG26 | ||
| 526 | _aP151 | ||
| 526 | _aP150 | ||
| 526 | _aP149 | ||
| 526 | _aP146 | ||
| 526 | _aP145 | ||
| 526 | _aP126 | ||
| 526 | _aP125 | ||
| 526 | _aP92 | ||
| 526 | _aP75 | ||
| 526 | _aP74 | ||
| 526 | _aP27 | ||
| 526 | _aP15 | ||
| 541 | _g043-0014409; | ||
| 541 | _g043-0014560; | ||
| 541 | _g001-0042353; | ||
| 596 | _a1 2 | ||
| 650 | 1 | 4 | _aAndroid (Sistema operativo de dispositivos móviles). |
| 910 |
_aaas _bjck _caas _d20150601 |
||
| 910 |
_adbm _bncf _cncf _d20180226 |
||
| 942 |
_2ddc _cBOOK |
||
| 994 |
_aC0 _bPEPRU |
||
| 949 |
_a005.4407 M94 2014 _wDEWEY _c1 _iFT02880 _d2018-4-24 _e2018-4-23 _lCCODEBUT1 _mBUT _n3 _p28.56 _r0 _sY _tBOOK _u2015-9-18 _xINGENIERIA _PP27 _0COMPRA _o.STAFF. Colección General |
||
| 949 |
_a005.4407 M94 _wDEWEY _c1 _i71214 _d2018-4-27 _e2018-4-19 _f2018-2-12 _g5 _lCCODEBUL1 _mBUL _n5 _p29.02 _q2 _r0 _sY _tBOOK _u2015-6-1 _xINGENIERIA _PP27 _0COMPRA _o.STAFF. Colección Ingeniería y Arquitectura |
||
| 949 |
_a005.4407 M94 _wDEWEY _c2 _i78303 _f2018-3-1 _g1 _lCCODEBUL1 _mBUL _p36.28 _r0 _sY _tBOOK _u2018-2-26 _xINGENIERIA _PP27 _0COMPRA _o.STAFF. Colección Ingeniería y Arquitectura |
||
| 999 |
_a005.4407 M94 _wDEWEY _c20040 _i71214 _d20040 _e2018-4-19 _f2022-4-11 _g8 _lCCODEBUL1 _mBUL _n5 _p29.02 _q2 _r1 _sY _tBOOK _u2015-6-1 _xINGENIERIA _PP27 _0COMPRA _o.STAFF. Colección Ingeniería y Arquitectura |
||
| 999 |
_a005.4407 M94 _wDEWEY _c2 _i78303 _d2019-5-15 _e2019-5-14 _f2019-12-10 _g3 _lDISCARD _mBUL _n2 _p36.28 _q2 _r1 _sY _tBOOK _u2018-2-26 _xINGENIERIA _PP27 _0COMPRA _o.STAFF. Colección Ingeniería y Arquitectura |
||
| 999 |
_a005.4407 M94 2014 _wDEWEY _c1 _iFT02880 _d2019-4-15 _e2019-4-11 _f2019-2-20 _g2 _lCCODEBUT1 _mBUT _n4 _p28.56 _r0 _sY _tBOOK _u2015-9-18 _xINGENIERIA _PP27 _0COMPRA _o.STAFF. Colección General Tarapoto |
||
| 980 |
_81 _gALBERTO SANCHEZ Responsable de Automatización |
||